Sudan im Altertum /

محفوظ في:

مؤلفون مشاركون: Internationale Tagung für Meroitistische Forschungen Berlin, Germany), Humboldt-Universität zu Berlin. Bereich Ägyptologie und Sudanarchäologie.

مؤلفون آخرون: Hintze, Fritz.

التنسيق: وقائع المؤتمر كتاب

اللغة: German
English
French

منشور في: Berlin : Akademie-Verlag, 1973.

سلاسل: Meroitica ; 1.

الموضوعات:

الوسوم: إضافة وسم

لا توجد وسوم, كن أول من يضع وسما على هذه التسجيلة!

رقم الطلب: DT159.6 .M44 v.1

LEADER 01065nam a22003017a 4500
003 OSt
005 20260419101153.0
008 260419t1973 gw b 100 0 ger d
010 |a 73355829 
040 |c ARCE Library 
041 0 |a eng  |a fre  |a ger 
043 |a f-ua--- 
050 1 4 |a DT159.6  |b .M44 v.1 
111 2 |a Internationale Tagung für Meroitistische Forschungen  |n (1st :  |d 1971 :  |c Berlin, Germany) 
245 1 0 |a Sudan im Altertum /  |c Hrsg. von Fritz Hintze. 
264 1 |a Berlin :  |b Akademie-Verlag,  |c 1973. 
300 |a 402 pages ;  |c 24 cm. 
490 1 |a Meroitica ;   |v 1. 
500 |a Held Sept. 6-12, 1971 and sponsored by the Bereich Ägyptologie und Sudanarchäologie, Universität Berlin. 
504 |a Includes bibliographical references. 
546 |a English, French, or German. 
651 0 |a Meroë (Extinct city)  |v Congresses. 
700 1 |a Hintze, Fritz.  |9 32098 
710 2 |a Humboldt-Universität zu Berlin.  |b Bereich Ägyptologie und Sudanarchäologie. 
830 0 |a Meroitica ;   |v 1. 
901 |a reviewed 
942 |c BK  |2 lcc 
999 |c 14972  |d 14972